The Magnus Archives: Ultimate Character Entity Quiz - Statistics

General Stats
  • This quiz has been taken 916 times
  • The average score is 36 of 44
Answer Stats
Character Entity % Correct
Jonathan Sims The Eye
100%
Martin Blackwood The Lonely
98%
Melanie King The Slaughter
95%
Sasha James The Stranger
95%
Timothy Stoker The Stranger
94%
Elias Bouchard The Eye
92%
Gertrude Robinson The Eye
92%
Alice "Daisy" Tonner The Hunt
92%
Peter Lukas The Lonely
92%
Jane Prentiss The Corruption
91%
Nikola Orsinov The Stranger
91%
Simon Fairchild The Vast
91%
Basira Hussain The Eye
90%
Michael Shelley The Spiral
89%
Gerard "Gerry" Keay The Eye
88%
Helen Richardson The Spiral
88%
Annabelle Cane The Web
88%
Agnes Montague The Desolation
87%
Jared Hopworth The Flesh
87%
Breekon and Hope The Stranger
87%
Michael Crew The Vast
87%
You, The Listener eye 🫵 tma fan
86%
Jude Perry The Desolation
86%
Mary Keay The Eye
86%
Julia Montauk The Hunt
86%
Georgie Barker The End
83%
Oliver Banks The End
83%
Trevor Herbert The Hunt
83%
Gregor Orsinov The Stranger
82%
The Admiral The Hunt
77%
Maxwell Rayner The Dark
76%
Robert Montauk The Dark
73%
Joshua Gillespie The Buried
72%
Manuela Dominguez The Dark
72%
Eric Delano The Eye
70%
Callum Brodie The Dark
69%
Rosie Zampano The Eye
69%
John Amherst The Corruption
68%
Arthur Nolan The Desolation
68%
Diego Molina The Desolation
66%
Raymond Fielding The Web
66%
Hezekiah Wakely The Buried
63%
Jan Kilbride The Vast
62%
Jordan Kennedy The Corruption
61%
No matching quizzes found
Score Distribution
Percent of People with Each Score
Percentile by Number Answered
Your Score History
You have not taken this quiz